| 000 | 00524cab a2200205 4500 | ||
|---|---|---|---|
| 001 | X2674 | ||
| 008 | 090401t1991 xxu||||| |||| 00| 0 eng d | ||
| 035 | _a(Sirsi) u25734 | ||
| 041 | _aeng | ||
| 100 | _aMedyckyj-Scott, D. | ||
| 245 | 4 | _aThe presentation of spatial data | |
| 260 | _c1991 | ||
| 350 | _a0 | ||
| 490 |
_aMapping Awareness _v5(5) June 1991, 19-22(4) |
||
| 650 | _aGIS | ||
| 650 | _aSPATIAL DATA | ||
| 690 | _aMANAGEMENT-BUSINESS MANAGEMENT-INFORMATION MANAGEMENT | ||
| 942 | _n0 | ||
| 948 | _c04/03/1997 | ||
| 999 |
_c17294 _d17294 |
||